Inflación: Brasil y Chile
Salvato in:
| Autori principali: | , , , |
|---|---|
| Altri autori: | , |
| Natura: | Libro |
| Lingua: | spagnolo |
| Pubblicazione: |
Santiago
CIEPLAN
1970
|
| Serie: | Colección estudios Cieplan, 1
|
| Soggetti: | |
| Tags: |
Aggiungi Tag
Nessun Tag, puoi essere il primo ad aggiungerne!!
|
MARC
| LEADER | 00000nam a2200000 a 4500 | ||
|---|---|---|---|
| 001 | UCX2323 | ||
| 003 | CL-VaPUC | ||
| 008 | 910423e19700000CL |||||||||||||||||spa|d | ||
| 082 | 0 | 4 | |a 983 |b FOX |2 21 |
| 100 | 0 | |a Foxley Ríoseco, Alejandro |e author |9 318208 | |
| 700 | |a Meller Bock, Patricio |e autor |9 603136 | ||
| 700 | |a Muñoz Gomá, Oscar |e autor |9 588181 | ||
| 700 | 0 | |a Herrera, Juan Eduardo |e author |9 318211 | |
| 700 | 0 | |a Morales, Juan |e author |9 318212 | |
| 700 | 0 | |a Ffrench-Davis, Ricardo |e author |9 318213 | |
| 245 | 1 | 0 | |a Inflación: Brasil y Chile |
| 246 | 1 | 0 | |a Pequeña industria |
| 246 | 1 | 0 | |a Financiamiento externo |
| 246 | 1 | 0 | |a Aranceles, empleo e integracón |
| 300 | |a 170 p | ||
| 942 | |c BK | ||
| 945 | |d 19910423 00:00:00 | ||
| 260 | |a Santiago |b CIEPLAN |c 1970 | ||
| 650 | 0 | |a Condiciones económicas |9 258255 | |
| 651 | 7 | |a CHILE |2 CL-VaPUC |9 318214 | |
| 583 | |a last modification |c 19910423 00:00:00 |k Rodrigo Vera | ||
| 490 | 0 | |a Colección estudios Cieplan, 1 | |
| 999 | |c 223366 |d 223364 | ||
| 952 | |0 0 |1 0 |4 0 |6 983_000000000000000_FOX_1970 |7 0 |8 A |9 219090 |a BIBHIS |b BIBHIS |d 2019-11-15 |i 2878658 |o 983 FOX 1970 |p 2878658 |r 2025-01-20 |w 2019-11-15 |y BK |k HIS | ||